|
|
|
|
| LEADER |
02368nam a2200433 i 4500 |
| 001 |
EBC4067812 |
| 003 |
MiAaPQ |
| 005 |
20200917021826.0 |
| 006 |
m o d | |
| 007 |
cr cnu|||||||| |
| 008 |
151118t20152015ne a ob 001 0 eng d |
| 020 |
|
|
|z 9781614995715
|
| 020 |
|
|
|a 9781614995722
|q (electronic bk.)
|
| 035 |
|
|
|a (MiAaPQ)EBC4067812
|
| 035 |
|
|
|a (Au-PeEL)EBL4067812
|
| 035 |
|
|
|a (CaPaEBR)ebr11117626
|
| 035 |
|
|
|a (OCoLC)927140645
|
| 040 |
|
|
|a MiAaPQ
|b eng
|e rda
|e pn
|c MiAaPQ
|d MiAaPQ
|
| 050 |
|
4 |
|a HD9502.A2
|b .P768 2015
|
| 082 |
0 |
|
|a 333.79
|2 23
|
| 245 |
0 |
4 |
|a The protection of critical energy infrastructure against emerging security challenges /
|c edited by Alessandro Niglia ; in collaboration with Giorgi Muchaidze.
|
| 264 |
|
1 |
|a Amsterdam, [Netherlands] :
|b IOS Press :
|b Published in cooperation with NATO Emerging Security Challenges Division,
|c 2015.
|
| 264 |
|
4 |
|c 2015
|
| 300 |
|
|
|a 1 online resource (177 pages) :
|b illustrations.
|
| 336 |
|
|
|a text
|2 rdacontent
|
| 337 |
|
|
|a computer
|2 rdamedia
|
| 338 |
|
|
|a online resource
|2 rdacarrier
|
| 490 |
1 |
|
|a NATO Science for Peace and Security Series. Sub-Series D: Information and Communication Security,
|x 1879-8292 ;
|v Volume 43
|
| 504 |
|
|
|a Includes bibliographical references at the end of each chapters and indexes.
|
| 588 |
|
|
|a Description based on online resource; title from PDF title page (ebrary, viewed November 18, 2015).
|
| 590 |
|
|
|a Electronic reproduction. Ann Arbor, MI : ProQuest, 2016. Available via World Wide Web. Access may be limited to ProQuest affiliated libraries.
|
| 650 |
|
0 |
|a Energy security.
|
| 655 |
|
4 |
|a Electronic books.
|
| 700 |
1 |
|
|a Niglia, Alessandro,
|e editor.
|
| 700 |
1 |
|
|a Muchaidze, Giorgi,
|e contributor.
|
| 776 |
0 |
8 |
|i Print version:
|t Protection of critical energy infrastructure against emerging security challenges.
|d Amsterdam, [Netherlands] : IOS Press : Published in cooperation with NATO Emerging Security Challenges Division, c2015
|h xx, 157 pages
|k NATO science for peace and security series. Sub-series D, Information and communication security ; Volume 43.
|z 9781614995715
|
| 797 |
2 |
|
|a ProQuest (Firm)
|
| 830 |
|
0 |
|a NATO science for peace and security series.
|n Sub-series D,
|p Information and communication security ;
|v Volume 43.
|
| 856 |
4 |
0 |
|u https://ebookcentral.proquest.com/lib/matrademy/detail.action?docID=4067812
|z Click to View
|